[Event "24th Klatovy B 2016"]
[Site "Klatovy CZE"]
[Date "2016.07.03"]
[Round "2.1"]
[White "Stanik, Michal"]
[Black "Kotva, Milan"]
[Result "0-1"]
[WhiteElo "1713"]
[BlackElo "1998"]
[PlyCount "104"]
[EventDate "2016.07.02"]
[EventType "swiss"]
[EventRounds "9"]
[EventCountry "CZE"]

1. e4 e5 2. Nf3 Nc6 3. Bc4 Nf6 4. Ng5 d5 5. exd5 Na5 6. Bb5+ c6 7. dxc6 bxc6 8. Qf3 cxb5 9. Qxa8 Nb7 10. Nc3 Bc5 11. d3 O-O 12. Nge4 Nxe4 13. Nxe4 Bb6 14. Nc3 b4 15. Na4 Qd5 16. Nxb6 axb6 17. Be3 Bg4 18. Qa6 Qxg2 19. Kd2 f5 20. Bxb6 Nd6 21. Rae1 Ra8 22. Ba7 Qd5 23. c4 bxc3+ 24. bxc3 Nc8 25. c4 Qd7 26. a4 Rxa7 27. Qb5 e4 28. Re3 Bf3 29. Rhe1 Nd6 30. Qxd7 Rxd7 31. c5 Nc4+ 32. Kc3 Nxe3 33. Rxe3 exd3 34. Rxd3 Rxd3+ 35. Kxd3 Kf7 36. Kc4 Bc6 37. a5 Ke6 38. f4 g5 39. fxg5 f4 40. Kd4 Kf5 41. h4 Kg4 42. Ke5 f3 43. Kd6 f2 44. Kxc6 f1=Q 45. Kb6 Qb1+ 46. Kc7 Qb5 47. c6 Qxa5+ 48. Kb7 Qb5+ 49. Kc7 Kxh4 50. Kd6 Kxg5 51. c7 Qb6+ 52. Kd7 Qxc7+ 0-1

[Event "24th Klatovy B 2016"]
[Site "Klatovy CZE"]
[Date "2016.07.03"]
[Round "2.2"]
[White "Kovar, Petr2"]
[Black "Kubat, Martin"]
[Result "1/2-1/2"]
[WhiteElo "1980"]
[BlackElo "1709"]
[PlyCount "21"]
[EventDate "2016.07.02"]
[EventType "swiss"]
[EventRounds "9"]
[EventCountry "CZE"]

1. c4 Nf6 2. Nc3 g6 3. g3 Bg7 4. Bg2 O-O 5. e3 e5 6. Nge2 c6 7. d4 d6 8. O-O Nbd7 9. b3 Nh5 10. Ba3 exd4 11. exd4 1/2-1/2

[Event "24th Klatovy B 2016"]
[Site "Klatovy CZE"]
[Date "2016.07.03"]
[Round "2.3"]
[White "Severin, Lubos"]
[Black "Zednik, Zdenek"]
[Result "0-1"]
[WhiteElo "1694"]
[BlackElo "1966"]
[PlyCount "32"]
[EventDate "2016.07.02"]
[EventType "swiss"]
[EventRounds "9"]
[EventCountry "CZE"]

1. e4 g6 2. Nc3 Bg7 3. f4 c5 4. Nf3 Nc6 5. Bb5 Nd4 6. O-O a6 7. Be2 b5 8. a3 Bb7 9. d3 Nh6 10. Be3 d6 11. Bxd4 cxd4 12. Nb1 Ng4 13. Qd2 Rc8 14. c3 Qb6 15. Kh1 dxc3 16. Nxc3 Nf2+ 0-1

[Event "24th Klatovy B 2016"]
[Site "Klatovy CZE"]
[Date "2016.07.03"]
[Round "2.4"]
[White "Stvan, Marek"]
[Black "Jirasek, Jiri"]
[Result "0-1"]
[WhiteElo "1679"]
[BlackElo "1881"]
[PlyCount "50"]
[EventDate "2016.07.02"]
[EventType "swiss"]
[EventRounds "9"]
[EventCountry "CZE"]

1. e4 e5 2. Nf3 Nf6 3. d3 Nc6 4. g3 Bc5 5. Bg2 O-O 6. O-O d6 7. Nc3 Bg4 8. Qe1 a6 9. Na4 Ba7 10. b3 b5 11. Nc3 Nd4 12. Nxd4 Bxd4 13. Be3 c5 14. Bxd4 cxd4 15. Ne2 Bxe2 16. Qxe2 Rc8 17. Rfc1 Rc3 18. Rab1 Qa5 19. Rb2 b4 20. Qd2 Ne8 21. Bf3 Nc7 22. Bd1 Nb5 23. Kg2 Qa3 24. Rcb1 Rc6 25. Qc1 Nc3 0-1

[Event "24th Klatovy B 2016"]
[Site "Klatovy CZE"]
[Date "2016.07.03"]
[Round "2.6"]
[White "Stankova, Zuzana 1986"]
[Black "Kastner, Jan"]
[Result "0-1"]
[WhiteElo "1673"]
[BlackElo "1875"]
[PlyCount "110"]
[EventDate "2016.07.02"]
[EventType "swiss"]
[EventRounds "9"]
[EventCountry "CZE"]

1. e4 d6 2. d4 g6 3. Nf3 Bg7 4. Be3 Nf6 5. Nc3 c6 6. h3 a5 7. a4 Na6 8. Be2 O-O 9. Qd2 Nb4 10. O-O d5 11. e5 Ne8 12. Bd1 f6 13. Bh6 Bf5 14. Bxg7 Kxg7 15. Ne2 fxe5 16. Nxe5 Nd6 17. Ng3 Nc4 18. Nxc4 dxc4 19. Nxf5+ Rxf5 20. Be2 b5 21. c3 Nd5 22. Bg4 Rf6 23. Rfe1 Qd6 24. Qe2 Ra7 25. Bf3 Nf4 26. Qe5 b4 27. Rab1 Nxh3+ 28. Kf1 Nf4 29. Qxd6 Rxd6 30. Re5 Nd5 31. Bxd5 cxd5 32. Rbe1 Kf6 33. R1e3 e6 34. Rf3+ Kg7 35. Rfe3 Raa6 36. g3 bxc3 37. bxc3 Rab6 38. Ke1 Kf7 39. Rf3+ Ke7 40. Kd2 Rb2+ 41. Kc1 Rdb6 42. Rf4 Rb1+ 43. Kd2 R6b2+ 44. Ke3 Re1+ 45. Kf3 Rxe5 46. dxe5 Rc2 47. Ke3 Rxc3+ 48. Kd4 Rd3+ 49. Kc5 c3 50. Rh4 h5 51. Rh1 c2 52. Rc1 Rc3+ 53. Kb5 d4 54. Kxa5 d3 55. Kb4 d2 0-1

[Event "24th Klatovy B 2016"]
[Site "Klatovy CZE"]
[Date "2016.07.03"]
[Round "2.7"]
[White "Mejzr, Jan"]
[Black "Macho, Miloslav"]
[Result "1-0"]
[WhiteElo "1853"]
[BlackElo "1675"]
[PlyCount "65"]
[EventDate "2016.07.02"]
[EventType "swiss"]
[EventRounds "9"]
[EventCountry "CZE"]

1. e4 e5 2. Nf3 Nc6 3. d4 exd4 4. Nxd4 Nf6 5. Nxc6 bxc6 6. Bd3 d6 7. h3 Be7 8. c4 Nd7 9. Be3 Bg5 10. Bxg5 Qxg5 11. O-O Nc5 12. f4 Qg6 13. f5 Qf6 14. e5 dxe5 15. Nc3 Qg5 16. Qf3 O-O 17. Bc2 Rb8 18. b3 Rd8 19. Rad1 Bd7 20. Qf2 Qe7 21. f6 gxf6 22. Qh4 Kf8 23. Qxh7 Ke8 24. Qh8+ Qf8 25. Qxf6 Qe7 26. Qh8+ Qf8 27. Qxe5+ Qe7 28. Qh8+ Qf8 29. Qh4 Qg7 30. Ne4 Nxe4 31. Bxe4 Rb6 32. Rf5 Rbb8 33. Rh5 1-0

[Event "24th Klatovy B 2016"]
[Site "Klatovy CZE"]
[Date "2016.07.03"]
[Round "2.8"]
[White "Pravda, Krystof"]
[Black "Micka, Norbert"]
[Result "0-1"]
[WhiteElo "1669"]
[BlackElo "1848"]
[PlyCount "96"]
[EventDate "2016.07.02"]
[EventType "swiss"]
[EventRounds "9"]
[EventCountry "CZE"]

1. e4 e6 2. d4 d5 3. Nd2 Nf6 4. e5 Nfd7 5. Bd3 c5 6. c3 Nc6 7. Ne2 cxd4 8. cxd4 f6 9. exf6 Nxf6 10. O-O Bd6 11. Nf3 Qc7 12. Bg5 O-O 13. Rc1 Ng4 14. h3 Rxf3 15. gxf3 Nh2 16. Bxh7+ Kxh7 17. Qd3+ Kg8 18. Rfe1 Qf7 19. f4 e5 20. dxe5 Bxe5 21. Kxh2 Bxb2 22. Rc2 Bf5 23. Qb3 Bxc2 24. Qxb2 Bf5 25. Nd4 Nxd4 26. Qxd4 Be6 27. Re5 b6 28. f5 Bxf5 29. Re7 Qf8 30. Qxd5+ Kh8 31. Rf7 Qb8+ 32. Kg1 Bg6 33. Rd7 Qg8 34. Qd4 Re8 35. Bh6 Re1+ 36. Kh2 Qb8+ 37. f4 Re2+ 38. Kg1 Qg8 39. Bxg7+ Kh7 40. Bf8+ Bf7+ 41. Qg7+ Qxg7+ 42. Bxg7 Kxg7 43. Rxa7 Rxa2 44. Rb7 Rb2 45. h4 Kf6 46. Kf1 Bg6 47. Ke1 Kf5 48. Kd1 Kxf4 0-1

[Event "24th Klatovy B 2016"]
[Site "Klatovy CZE"]
[Date "2016.07.03"]
[Round "2.9"]
[White "Zamorsky, Ladislav"]
[Black "Gorbunov, Artemiy"]
[Result "1-0"]
[WhiteElo "1840"]
[BlackElo "1671"]
[PlyCount "69"]
[EventDate "2016.07.02"]
[EventType "swiss"]
[EventRounds "9"]
[EventCountry "CZE"]

1. Nf3 d5 2. c4 dxc4 3. Qa4+ Bd7 4. Qxc4 e6 5. Ne5 Bd6 6. Nxd7 Nxd7 7. g3 Ngf6 8. Bg2 c6 9. O-O O-O 10. d3 Ne5 11. Qc2 Ng6 12. Nc3 h6 13. a3 a5 14. Na4 Qc7 15. Be3 Ne5 16. Bd2 h5 17. e4 Ng6 18. d4 Nd7 19. Rac1 h4 20. Nc3 Rac8 21. e5 Be7 22. f4 hxg3 23. hxg3 c5 24. d5 Ndxe5 25. fxe5 Qxe5 26. Qe4 Qxg3 27. dxe6 c4 28. Rf3 Bc5+ 29. Kf1 Qh2 30. exf7+ Rxf7 31. Rxf7 Kxf7 32. Qf5+ Ke7 33. Re1+ Kd8 34. Qxg6 Kc7 35. Qxg7+ 1-0

[Event "24th Klatovy B 2016"]
[Site "Klatovy CZE"]
[Date "2016.07.03"]
[Round "2.10"]
[White "Stross, Frantisek 1952"]
[Black "Cizek, Ondrej"]
[Result "1/2-1/2"]
[WhiteElo "1652"]
[BlackElo "1826"]
[PlyCount "59"]
[EventDate "2016.07.02"]
[EventType "swiss"]
[EventRounds "9"]
[EventCountry "CZE"]

1. e4 e5 2. Nf3 Nc6 3. Bc4 Bc5 4. O-O d6 5. h3 Nf6 6. d3 O-O 7. Bg5 Be6 8. Bd5 Bxd5 9. exd5 Nd4 10. Nc3 h6 11. Bh4 Nf5 12. Bxf6 Qxf6 13. Ne4 Qe7 14. Nxc5 dxc5 15. c4 Nd6 16. Nd2 Qh4 17. Nf3 Qh5 18. Nd2 Qg6 19. Qf3 Rae8 20. Rae1 Nf5 21. Ne4 b6 22. b3 Nd4 23. Qg3 Qxg3 24. fxg3 Nc2 25. Re2 Nb4 26. Rf3 f5 27. Nc3 a5 28. Nb5 c6 29. Nd6 Rd8 30. Nxf5 1/2-1/2

[Event "24th Klatovy B 2016"]
[Site "Klatovy CZE"]
[Date "2016.07.03"]
[Round "2.11"]
[White "Lener, Jaroslav 1975"]
[Black "Leseticky, Vladimir"]
[Result "1/2-1/2"]
[WhiteElo "1820"]
[BlackElo "1665"]
[PlyCount "52"]
[EventDate "2016.07.02"]
[EventType "swiss"]
[EventRounds "9"]
[EventCountry "CZE"]

1. Nf3 d5 2. g3 Nf6 3. Bg2 e6 4. d3 Be7 5. O-O O-O 6. Nbd2 Nbd7 7. b3 c6 8. Bb2 Qc7 9. e3 Ng4 10. Qe2 Nge5 11. Nxe5 Nxe5 12. Rac1 Bf6 13. Ba1 Qe7 14. c4 Ng6 15. Bxf6 Qxf6 16. Rc2 Ne7 17. d4 Re8 18. f4 a5 19. a4 Bd7 20. Nf3 Ng6 21. Rfc1 Qe7 22. Ne1 Rab8 23. Qd2 Ra8 24. Nd3 Qd8 25. Ne5 Nxe5 26. fxe5 Qe7 1/2-1/2

[Event "24th Klatovy B 2016"]
[Site "Klatovy CZE"]
[Date "2016.07.03"]
[Round "2.12"]
[White "Ostry, Michal"]
[Black "Perik, Alois"]
[Result "0-1"]
[WhiteElo "1644"]
[BlackElo "1807"]
[PlyCount "142"]
[EventDate "2016.07.02"]
[EventType "swiss"]
[EventRounds "9"]
[EventCountry "CZE"]

1. e4 c6 2. d4 d5 3. Nc3 dxe4 4. Nxe4 Bf5 5. Ng3 Bg6 6. Nf3 e6 7. Ne5 Nf6 8. Nxg6 hxg6 9. c3 Qc7 10. Be2 Bd6 11. Qd3 Nbd7 12. Bg5 Bf4 13. Bxf4 Qxf4 14. b4 Rd8 15. Bf3 Nb6 16. O-O Ng4 17. h3 Ne5 18. Qe4 Nxf3+ 19. Qxf3 Qxf3 20. gxf3 Rxh3 21. Kg2 Rh6 22. Ne4 Nd5 23. Kg3 Ke7 24. c4 Nc7 25. Rad1 Rdh8 26. Kf4 b5 27. Ke3 bxc4 28. Rc1 Nd5+ 29. Ke2 f5 30. Nc3 Rh4 31. Rfd1 Rf4 32. Na4 Rh3 33. Rxc4 Rhxf3 34. Rf1 Ra3 35. Nb2 Rxa2 36. Rb1 Kd6 37. Rc2 Ra6 38. Nc4+ Ke7 39. Ne5 Re4+ 40. Kf1 Rxd4 41. Nxc6+ Rxc6 42. Rxc6 Nxb4 43. Rc7+ Kf6 44. Rxa7 Rh4 45. Kg2 Nd5 46. f3 g5 47. Rbb7 Nf4+ 48. Kg1 Nh5 49. Rf7+ Kg6 50. Rfe7 Kf6 51. Rf7+ Ke5 52. Rfe7 g6 53. Ra6 Nf4 54. Ra5+ Kf6 55. Re8 g4 56. fxg4 Rxg4+ 57. Kf2 Kg5 58. Kf3 Rh4 59. Ra4 Rh3+ 60. Kf2 Rd3 61. Ra1 Rd5 62. Rg1+ Kf6 63. Rf8+ Kg7 64. Re8 Nh3+ 65. Kg2 Nxg1 66. Kxg1 Rd2 67. Re7+ Kf6 68. Ra7 g5 69. Kf1 f4 70. Ke1 Rb2 71. Kf1 Kf5 0-1

[Event "24th Klatovy B 2016"]
[Site "Klatovy CZE"]
[Date "2016.07.03"]
[Round "2.13"]
[White "Kaspar, Lukas"]
[Black "Rezac, Jindrich"]
[Result "1/2-1/2"]
[WhiteElo "1634"]
[BlackElo "1799"]
[PlyCount "35"]
[EventDate "2016.07.02"]
[EventType "swiss"]
[EventRounds "9"]
[EventCountry "CZE"]

1. e4 c5 2. Nf3 Nc6 3. d4 cxd4 4. Nxd4 d6 5. Nc3 g6 6. Be3 Bg7 7. Qd2 Nf6 8. O-O-O Bd7 9. f3 a6 10. Bc4 b5 11. Bb3 Na5 12. g4 Nxb3+ 13. Nxb3 Be6 14. h4 Bxb3 15. cxb3 Rc8 16. Kb1 h5 17. g5 Nd7 18. f4 1/2-1/2

[Event "24th Klatovy B 2016"]
[Site "Klatovy CZE"]
[Date "2016.07.03"]
[Round "2.14"]
[White "Sprenar, Petr"]
[Black "Svec, Ludek"]
[Result "1-0"]
[WhiteElo "1798"]
[BlackElo "1654"]
[PlyCount "123"]
[EventDate "2016.07.02"]
[EventType "swiss"]
[EventRounds "9"]
[EventCountry "CZE"]

1. d4 Nf6 2. c4 e6 3. Nc3 d5 4. cxd5 exd5 5. Bg5 Nbd7 6. e3 c6 7. Bd3 h6 8. Bf4 Bb4 9. Qc2 a5 10. a3 Be7 11. Nb5 O-O 12. Bc7 Qe8 13. Nd6 Bxd6 14. Bxd6 Kh8 15. Bxf8 Qxf8 16. Ne2 Nb6 17. O-O g6 18. Rac1 Kg7 19. Ng3 Be6 20. Qc5 Qd8 21. f4 Bc8 22. f5 g5 23. b3 Nbd7 24. Qd6 Qf8 25. Qxf8+ Kxf8 26. e4 dxe4 27. Nxe4 Nxe4 28. Bxe4 Nf6 29. Rce1 Bd7 30. Bd3 Rd8 31. Re5 b6 32. Rd1 Be8 33. Be2 Nd7 34. Re3 Nf6 35. Bf3 g4 36. Be4 Bd7 37. g3 Nxe4 38. Rxe4 Bxf5 39. Rf4 Be6 40. Rc1 Rd6 41. b4 axb4 42. axb4 h5 43. Kf2 Kg7 44. Re1 b5 45. Re5 f5 46. Ke3 Kf6 47. Rf2 Rd8 48. Rc2 Bc4 49. Rf2 Be6 50. Re2 Bc4 51. Re1 Ra8 52. Kf4 Bd3 53. Re6+ Kf7 54. Rxc6 Rd8 55. Ke3 Re8+ 56. Kd2 Be4 57. Rb6 Ra8 58. Rc1 Rd8 59. Rc7+ Kg8 60. Kc3 h4 61. Rxb5 hxg3 62. hxg3 1-0

[Event "24th Klatovy B 2016"]
[Site "Klatovy CZE"]
[Date "2016.07.03"]
[Round "2.15"]
[White "Berka, Lubos"]
[Black "Pucholt, Martin"]
[Result "1/2-1/2"]
[WhiteElo "1787"]
[BlackElo "1641"]
[PlyCount "88"]
[EventDate "2016.07.02"]
[EventType "swiss"]
[EventRounds "9"]
[EventCountry "CZE"]

1. e4 c5 2. Nc3 g6 3. g3 Bg7 4. Bg2 d6 5. Nge2 Nf6 6. d3 O-O 7. O-O Nc6 8. h3 Rb8 9. a4 a5 10. Bg5 Bd7 11. Qd2 Re8 12. Rab1 Qc8 13. Kh2 Nb4 14. Bf4 Nh5 15. Be3 Nf6 16. b3 b6 17. f4 Bc6 18. g4 Qb7 19. f5 Nd7 20. Nf4 Be5 21. Kg1 gxf5 22. gxf5 Kh8 23. Ncd5 Bxd5 24. Nxd5 Nxd5 25. exd5 Rg8 26. c4 Rg3 27. Bf2 Rg7 28. Kh1 Rbg8 29. Rg1 Nf6 30. Bf3 Qc8 31. Rxg7 Rxg7 32. Rg1 Qxf5 33. Bg2 Nh5 34. Rf1 Qg6 35. Be4 Ng3+ 36. Bxg3 Qxg3 37. Qg2 Qxg2+ 38. Bxg2 f6 39. Rf3 Rg3 40. Rxg3 Bxg3 41. Be4 h5 42. Kg2 h4 43. Kf3 Kg7 44. Kg4 Kf7 1/2-1/2

[Event "24th Klatovy B 2016"]
[Site "Klatovy CZE"]
[Date "2016.07.03"]
[Round "2.16"]
[White "Vavrousek, Petr"]
[Black "Zimovcak, Zdenek"]
[Result "1/2-1/2"]
[WhiteElo "1763"]
[BlackElo "1632"]
[PlyCount "42"]
[EventDate "2016.07.02"]
[EventType "swiss"]
[EventRounds "9"]
[EventCountry "CZE"]

1. e4 e5 2. Nf3 Nc6 3. Bb5 Nf6 4. O-O a6 5. Bxc6 dxc6 6. Nxe5 Bd6 7. Nf3 Bg4 8. d3 h6 9. Nbd2 Qe7 10. Qe1 Bc5 11. d4 Ba7 12. e5 Nd5 13. a3 O-O 14. c4 Nb6 15. b3 Rad8 16. Bb2 Rfe8 17. Qe4 Bh5 18. Nh4 Qe6 19. Rae1 Nc8 20. f4 Qg4 21. Ndf3 Ne7 1/2-1/2

[Event "24th Klatovy B 2016"]
[Site "Klatovy CZE"]
[Date "2016.07.03"]
[Round "2.17"]
[White "Kovarova, Oxana"]
[Black "Peterek, Zbynek"]
[Result "1/2-1/2"]
[WhiteElo "1759"]
[BlackElo "1314"]
[PlyCount "120"]
[EventDate "2016.07.02"]
[EventType "swiss"]
[EventRounds "9"]
[EventCountry "CZE"]

1. e4 e5 2. Nf3 Qf6 3. d4 exd4 4. Nxd4 Bc5 5. Be3 Nc6 6. c3 Nxd4 7. cxd4 Bb4+ 8. Nc3 d6 9. Be2 Bd7 10. Qb3 Bxc3+ 11. bxc3 b6 12. Bf3 c6 13. O-O Ne7 14. Qd1 d5 15. Re1 O-O 16. Bd2 dxe4 17. Rxe4 Ng6 18. Qa4 Bf5 19. Re3 Rfc8 20. Rae1 Bd7 21. d5 Qd6 22. dxc6 Bxc6 23. Bxc6 Qxc6 24. Qxc6 Rxc6 25. Re8+ Rxe8 26. Rxe8+ Nf8 27. f3 f6 28. Ra8 a5 29. Be3 Kf7 30. Ra7+ Kg6 31. Bd2 Rd6 32. Be1 Ne6 33. Kf1 Rd1 34. Ra6 Nf4 35. Rxb6 Nxg2 36. Kxg2 Rxe1 37. Rb2 Rc1 38. a4 Rxc3 39. Rb5 Kf7 40. Rxa5 Ke8 41. Ra7 Kf8 42. a5 h5 43. a6 Rc2+ 44. Kg3 h4+ 45. Kh3 Ra2 46. Kg4 g6 47. h3 Ra4+ 48. f4 g5 49. Kh5 gxf4 50. Kxh4 f5 51. Kg5 f3 52. Kf6 Ke8 53. Ke6 Kd8 54. Rd7+ Kc8 55. Rd3 Rxa6+ 56. Kxf5 f2 57. Rf3 Rh6 58. Kg4 Rg6+ 59. Kf5 Rg2 60. h4 Kd8 1/2-1/2

[Event "24th Klatovy B 2016"]
[Site "Klatovy CZE"]
[Date "2016.07.03"]
[Round "2.18"]
[White "Kubat, Zbynek"]
[Black "Novotny, David"]
[Result "1/2-1/2"]
[WhiteElo "1629"]
[BlackElo "1758"]
[PlyCount "88"]
[EventDate "2016.07.02"]
[EventType "swiss"]
[EventRounds "9"]
[EventCountry "CZE"]

1. e4 Nf6 2. Nc3 d5 3. exd5 Nxd5 4. Nxd5 Qxd5 5. Qf3 Qa5 6. Bc4 e6 7. Ne2 Nc6 8. O-O Ne5 9. Qb3 Nxc4 10. Qxc4 Be7 11. Qc3 Qxc3 12. Nxc3 b6 13. d3 Bb7 14. Bf4 Rc8 15. Ne2 Bf6 16. Rab1 c5 17. Rfe1 Ke7 18. Ng3 c4 19. dxc4 Rxc4 20. Nf5+ Kd7 21. Rbd1+ Bd5 22. Be5 Rxc2 23. Ne3 Rc5 24. Nxd5 Rxd5 25. Rxd5+ exd5 26. Bxf6 gxf6 27. Kf1 Re8 28. Rxe8 Kxe8 29. Ke2 Kd7 30. Kd3 Kd6 31. Kd4 a5 32. b3 b5 33. a3 b4 34. axb4 axb4 35. g4 Ke6 36. f4 Kd6 37. Kd3 Kc5 38. Ke3 d4+ 39. Kd2 Kd6 40. Ke2 Kc5 41. Kd2 Kc6 42. Ke2 Kd6 43. Kd2 h6 44. h4 Ke6 1/2-1/2

[Event "24th Klatovy B 2016"]
[Site "Klatovy CZE"]
[Date "2016.07.03"]
[Round "2.19"]
[White "Cipera, Josef"]
[Black "Bauer, Jan 2005"]
[Result "0-1"]
[WhiteElo "1756"]
[BlackElo "1296"]
[PlyCount "54"]
[EventDate "2016.07.02"]
[EventType "swiss"]
[EventRounds "9"]
[EventCountry "CZE"]

1. e4 e5 2. Nf3 Nc6 3. Bb5 a6 4. Ba4 Nf6 5. O-O b5 6. Bb3 Be7 7. Re1 O-O 8. c3 d5 9. exd5 Nxd5 10. d4 exd4 11. Nxd4 Na5 12. Bc2 c5 13. Nf5 Re8 14. h3 Bb7 15. Qg4 Bf8 16. Nh6+ Kh8 17. Nxf7+ Kg8 18. Nxd8 Rxe1+ 19. Kh2 Rxd8 20. Bd2 Bd6+ 21. f4 Rf1 22. Qe6+ Kh8 23. Be4 Nxf4 24. Bxf4 Bxf4+ 25. g3 Rf2+ 26. Kg1 Be3 27. Bf3 Rxf3+ 0-1

[Event "24th Klatovy B 2016"]
[Site "Klatovy CZE"]
[Date "2016.07.03"]
[Round "2.20"]
[White "Vavrinkova, Eliska"]
[Black "Sova, Zdenek"]
[Result "1-0"]
[WhiteElo "1626"]
[BlackElo "1747"]
[PlyCount "89"]
[EventDate "2016.07.02"]
[EventType "swiss"]
[EventRounds "9"]
[EventCountry "CZE"]

1. d4 Nf6 2. c4 e6 3. Nf3 b6 4. Nc3 Ba6 5. e4 d5 6. Qa4+ c6 7. exd5 exd5 8. Ne5 Bb7 9. Bg5 a6 10. cxd5 b5 11. Qb3 c5 12. Bxb5+ axb5 13. Qxb5+ Nbd7 14. Qxb7 Rb8 15. Qxd7+ Nxd7 16. Bxd8 Rxd8 17. Nxd7 Rxd7 18. dxc5 Bxc5 19. O-O O-O 20. Rfd1 Rfd8 21. a4 Rb7 22. Rab1 Kf8 23. Nb5 Rbd7 24. b4 Bd6 25. Kf1 Be5 26. Rbc1 Rb7 27. Rc6 Ke8 28. d6 Bf6 29. Re1+ Kf8 30. Rc7 Rbb8 31. d7 Be7 32. Rec1 Ra8 33. Na7 Bg5 34. R1c2 g6 35. Nc6 Rxa4 36. Nxd8 Ra1+ 37. Ke2 Bxd8 38. Rc8 Ke7 39. Rb8 Ra7 40. Rcc8 Rxd7 41. Rxd8 Rxd8 42. Rxd8 Kxd8 43. Kd3 Kc7 44. Kd4 Kb6 45. Ke5 1-0

[Event "24th Klatovy B 2016"]
[Site "Klatovy CZE"]
[Date "2016.07.03"]
[Round "2.21"]
[White "Kubat, Ladislav"]
[Black "Kovar, Vaclav 1953"]
[Result "1/2-1/2"]
[WhiteElo "1435"]
[BlackElo "1730"]
[PlyCount "57"]
[EventDate "2016.07.02"]
[EventType "swiss"]
[EventRounds "9"]
[EventCountry "CZE"]

1. e4 e5 2. Nf3 Nc6 3. Bc4 Be7 4. Nc3 Nf6 5. d4 d6 6. dxe5 dxe5 7. Qxd8+ Bxd8 8. Bb5 Bd7 9. Bg5 Nd4 10. Bxd7+ Nxd7 11. Nxd4 Bxg5 12. Nf3 Be7 13. Nb5 Bb4+ 14. c3 Ba5 15. O-O-O f6 16. Rd2 Ke7 17. Rhd1 Rhd8 18. b4 Bb6 19. c4 a6 20. Nc3 c6 21. a4 Nf8 22. c5 Rxd2 23. Rxd2 Bc7 24. a5 Ne6 25. Nd1 Rd8 26. Ne3 g6 27. Rxd8 Bxd8 28. Nc4 Bc7 29. Kd2 1/2-1/2

[Event "24th Klatovy B 2016"]
[Site "Klatovy CZE"]
[Date "2016.07.03"]
[Round "2.22"]
[White "Vanek, Jiri1"]
[Black "Zak, Jiri1"]
[Result "0-1"]
[WhiteElo "1350"]
[BlackElo "1717"]
[PlyCount "70"]
[EventDate "2016.07.02"]
[EventType "swiss"]
[EventRounds "9"]
[EventCountry "CZE"]

1. e4 c5 2. Nf3 Nc6 3. d4 cxd4 4. Nxd4 Nf6 5. Nc3 e6 6. Bg5 Be7 7. f4 a6 8. Qd2 h6 9. Bxf6 Bxf6 10. e5 Be7 11. Ne4 Qc7 12. O-O-O O-O 13. g4 b5 14. h4 Bb7 15. Nxc6 Bxc6 16. Bg2 Rac8 17. Nd6 Bxd6 18. exd6 Qb6 19. h5 Bxg2 20. Qxg2 Qe3+ 21. Qd2 Qxd2+ 22. Rxd2 Rc4 23. Rf1 f6 24. Rd3 Rfc8 25. Rf2 Kf7 26. g5 hxg5 27. fxg5 Rh4 28. h6 f5 29. hxg7 Kxg7 30. Rg2 Kg6 31. Kd2 Rh5 32. Ke1 Rxg5 33. Rxg5+ Kxg5 34. Rg3+ Kf6 35. Rd3 Rxc2 0-1

[Event "24th Klatovy B 2016"]
[Site "Klatovy CZE"]
[Date "2016.07.03"]
[Round "2.23"]
[White "Vachal, Josef1"]
[Black "Rychtecky, Pavel"]
[Result "0-1"]
[WhiteElo "1957"]
[BlackElo "1546"]
[PlyCount "86"]
[EventDate "2016.07.02"]
[EventType "swiss"]
[EventRounds "9"]
[EventCountry "CZE"]

1. d4 Nf6 2. e3 d5 3. Bd3 b6 4. Nd2 Bb7 5. f4 e6 6. Ngf3 Nbd7 7. Qe2 c5 8. c3 Be7 9. O-O O-O 10. Ne5 Qc7 11. Qf3 a6 12. g4 g6 13. Rf2 Kg7 14. Rg2 Rh8 15. g5 Nh5 16. Qg4 Rhf8 17. Ndf3 Kg8 18. f5 exf5 19. Bxf5 Nxe5 20. Nxe5 Bc8 21. Bxc8 Raxc8 22. Bd2 Ng7 23. Qf3 Qd6 24. h4 f6 25. gxf6 Rxf6 26. Qg4 Qe6 27. h5 Qxg4 28. Nxg4 Re6 29. Nh6+ Kh8 30. hxg6 Rxg6 31. Nf7+ Kg8 32. Ne5 Rxg2+ 33. Kxg2 Bg5 34. Rf1 cxd4 35. cxd4 Rc2 36. Rf2 Rxb2 37. Nd7 Ne6 38. Kg3 h6 39. a3 a5 40. Nf6+ Bxf6 41. Rxf6 Nxd4 42. Be1 Kg7 43. Bc3 Ne2+ 0-1

[Event "24th Klatovy B 2016"]
[Site "Klatovy CZE"]
[Date "2016.07.03"]
[Round "2.24"]
[White "Cyron, Karel"]
[Black "Sedlacek, Pavel"]
[Result "1-0"]
[WhiteElo "1802"]
[BlackElo "1612"]
[PlyCount "43"]
[EventDate "2016.07.02"]
[EventType "swiss"]
[EventRounds "9"]
[EventCountry "CZE"]

1. e4 c5 2. Nf3 d6 3. d4 cxd4 4. Nxd4 g6 5. c4 Bg7 6. Nc2 Nc6 7. Be2 Nf6 8. Nc3 O-O 9. O-O b6 10. Qd2 Bb7 11. f3 Rc8 12. b3 Qd7 13. Bb2 Rfd8 14. Rac1 e6 15. Ne3 Ne7 16. Rfd1 d5 17. e5 dxc4 18. Qe1 Qe8 19. exf6 Bxf6 20. Ng4 Bg7 21. Bxc4 a6 22. Ne4 1-0

[Event "24th Klatovy B 2016"]
[Site "Klatovy CZE"]
[Date "2016.07.03"]
[Round "2.25"]
[White "Flajsman, Pavel"]
[Black "Parpel, Petr"]
[Result "1-0"]
[WhiteElo "1522"]
[BlackElo "1787"]
[PlyCount "113"]
[EventDate "2016.07.02"]
[EventType "swiss"]
[EventRounds "9"]
[EventCountry "CZE"]

1. e4 c5 2. b4 e6 3. Nf3 b6 4. bxc5 bxc5 5. Nc3 Nc6 6. Bb5 Bb7 7. O-O Qc7 8. Rb1 Nf6 9. Re1 Be7 10. Bc4 a6 11. h3 d6 12. a3 O-O 13. Ba2 Nd4 14. d3 Nxf3+ 15. Qxf3 Bc6 16. Bb2 Rab8 17. Qg3 Qa5 18. Bb3 Nh5 19. Qg4 g6 20. Re3 Bf6 21. e5 Be7 22. exd6 Bxd6 23. Ne2 Bd5 24. Bc3 Qc7 25. Qh4 Be7 26. Qa4 Rb5 27. Be5 Qb7 28. c4 Bxg2 29. cxb5 axb5 30. Qg4 Bd5 31. Bxd5 Qxd5 32. Nc3 Qc6 33. Qxh5 f6 34. Qf3 Qa6 35. Bh2 b4 36. axb4 cxb4 37. Ne4 Qa2 38. Ree1 Kg7 39. Qe2 Qd5 40. Ng3 e5 41. Qe4 Qa5 42. Qb7 Rf7 43. Qe4 Bc5 44. Ne2 b3 45. Qc4 Rb7 46. Rec1 Qd2 47. Qxc5 Qxe2 48. Qd5 Rb4 49. Rxb3 Rd4 50. Qg2 g5 51. Rbc3 h5 52. Rc7+ Kg6 53. R7c3 g4 54. h4 Qd2 55. Qg3 Kf5 56. Qe3 Qa2 57. Rc4 1-0

[Event "24th Klatovy B 2016"]
[Site "Klatovy CZE"]
[Date "2016.07.03"]
[Round "2.26"]
[White "May, David"]
[Black "Bartos, Karel"]
[Result "0-1"]
[WhiteElo "1532"]
[BlackElo "1784"]
[PlyCount "62"]
[EventDate "2016.07.02"]
[EventType "swiss"]
[EventRounds "9"]
[EventCountry "CZE"]

1. d4 f5 2. c4 Nf6 3. Nc3 e6 4. Nf3 Bb4 5. Bg5 O-O 6. Qb3 Bxc3+ 7. bxc3 d6 8. g3 Qe8 9. Bg2 Ne4 10. O-O Nc6 11. Rac1 b6 12. Rfe1 Ba6 13. Qa4 Na5 14. Qxe8 Raxe8 15. c5 bxc5 16. dxc5 Nxc5 17. Nd4 Ne4 18. Be3 Nc4 19. Bxe4 fxe4 20. Nc2 Nxe3 21. Nxe3 Rb8 22. Rc2 Rb6 23. Ng2 Rfb8 24. Nf4 Rb1 25. Kf1 Kf7 26. Rec1 Rxc1+ 27. Rxc1 Rb2 28. Ke1 g5 29. Nh3 Rxe2+ 30. Kd1 h6 31. c4 Rxa2 0-1

[Event "24th Klatovy B 2016"]
[Site "Klatovy CZE"]
[Date "2016.07.03"]
[Round "2.27"]
[White "Vavrinek, Tomas"]
[Black "Kadlec, Rudolf"]
[Result "1/2-1/2"]
[WhiteElo "1773"]
[BlackElo "1397"]
[PlyCount "54"]
[EventDate "2016.07.02"]
[EventType "swiss"]
[EventRounds "9"]
[EventCountry "CZE"]

1. d4 Nf6 2. c4 e5 3. d5 Bc5 4. e3 d6 5. Bd3 e4 6. Bc2 O-O 7. Nc3 Bg4 8. Nge2 Re8 9. h3 Bxe2 10. Qxe2 Bb4 11. Bd2 Nbd7 12. Nxe4 Bxd2+ 13. Nxd2 Nc5 14. O-O-O a5 15. g4 Nfe4 16. Nxe4 Nxe4 17. Qd3 Qh4 18. Rdf1 a4 19. a3 Re7 20. Rh2 g6 21. Qd4 Nc5 22. Qf4 Ra6 23. g5 Qxf4 24. exf4 Rb6 25. Rd1 Nb3+ 26. Kb1 Re2 27. h4 Nd2+ 1/2-1/2